000 00872nam a22003017a 4500
003 DO-SdBPM
005 20250728123615.0
007 ta
008 171122b1982 mx |||00| 0 spa d
020 _a9682304830
040 _aDO-SdBPM
_bspa
_cBPMSU
_erda
082 4 _aCu863.6
_bC297c 1982
_222
100 1 _aCarpentier, Alejo
_d1904-1980.
_eautor
245 1 0 _aConcierto barroco /
_cAlejo Carpentier
_b
250 _a15a. ed.
260 _a
264 _aMéxico :
_bSiglo Veintiuno Editores,
_c1982
300 _a92 páginas . ;
_c22 cm.
336 _atexto
_btxt
_2rdacontent
337 _asin mediación
_bn
_2rdamedia
338 _avolumen
_bnc
_2rdacarrier
590 _aInventariado, 25025/VM
650 7 _a Novela cubana.
650 7 _aConciertos
_vNovela
650 7 _aNovela musical
910 _aVMateo V. Control de calidad. BPMSU
942 _2ddc
_cBK
999 _c15278
_d15278